000 00764nam a2200265 4500
001 175023
003 ES-MaACL
005 20230906215726.0
008 100930s1993 xxu |||| | eng d
020 _a0-380-72002-7
080 _a930.1
080 _a32(100)"1945/..."
100 1 _aFukuyama, Francis.
_952990
245 1 4 _aThe end of history and the last man /
_cFrancis Fukuyama.
260 _aNew York :
_bAvon Books,
_c1993.
300 _aXXIII, 418 p. ;
_c21 cm.
490 1 _aAvon history
500 _aÍndice.
504 _aBibliografía: p. 391-401.
650 4 _aHistoria-
_xFilosofía.
_913380
650 4 _aPolítica mundial-
_y1945-1989.
_9143375
830 0 _aAvon history
_9223838
852 1 _aBA
_jE-13258
999 _c175023
_d175023